Sudeten Germans and Czechs condensed report of the First National Conference of German Anti-Fascists from Czechoslovakia, at the Beaver Hall, London, on October 16th-17th, 1943

Bibliographic Details
Format: Book
Language:English
PhysicalDescription:45 strán 22 cm
Published: London Einheit 1944
Subjects:

MARC

LEADER 00000nam a2200000 4500
001 vtls011783049
003 SK-MaSNL
005 20260311133748.0
008 200104s1944 xxk 000 0 eng
020 |q (brožované) 
035 |a urn:nbn:sk:snk-am00d57n 
035 |a urn:nbn:sk:snk-am3hm4q 
035 |a DF8CB3E0-A33B-45DE-B51E-4475FDC06D5F 
040 |a SNK  |b slo  |c SNK  |e rda 
041 0 |a eng 
043 |a e-cs--- 
044 |a xxk  |c GB 
072 7 |a 323  |x Vnútropolitický vývoj, politický život  |2 konspekt 
080 |a 323.25/.26:329.18  |2 2001 
080 |a (437)  |2 2011 
080 |a (048.8)  |2 2011 
245 0 0 |a Sudeten Germans and Czechs  |b condensed report of the First National Conference of German Anti-Fascists from Czechoslovakia, at the Beaver Hall, London, on October 16th-17th, 1943 
264 1 |a London  |b Einheit  |c 1944 
300 |a 45 strán  |c 22 cm 
336 |a text  |b txt  |2 rdacontent 
337 |a bez média  |b n  |2 rdamedia 
338 |a zväzok  |b nc  |2 rdacarrier 
648 7 |a 1943  |2 SNKPH  |9 291586 
650 0 7 |a antifašizmus  |2 SNKPH  |9 4752 
650 0 7 |a sudetskí Nemci  |2 SNK  |9 559336 
650 0 7 |a Anti-fascism  |2 SNKPHeng  |9 324878 
650 0 7 |a verejné zhromaždenie  |2 SNK  |9 559337 
651 7 |a Československo  |2 SNKPHgeo  |9 21376 
651 7 |a Czechoslovakia  |2 SNKPHeng  |9 265183 
655 7 |a moongrafie  |2 SNKPH  |9 559338 
655 7 |a Monographs  |2 SNKPHeng  |9 120675 
752 |a Veľká Británia  |d Londýn 
958 |a SP 
958 |a ONDV 
999 |c 858049  |d 859979 
952 |a SNK  |b SNK  |y PREZ  |7 0  |p 17A0721198  |o snkSC 3669/9  |i snk1966/47  |0 0  |1 0  |4 0  |d 2018-10-05  |f 1  |l 0  |r 2025-06-25 00:00:00  |w 2026-02-24